The Housing Forum launches strategy to increase quantity, quality and affordability of housing (Record no. 77082)

MARC details
000 -LEADER
fixed length control field 01147cab a2200205 4500
001 - CONTROL NUMBER
control field ##L133562
008 - FIXED-LENGTH DATA ELEMENTS--GENERAL INFORMATION
fixed length control field 060518n2006 000 0 eng u
035 ## - SYSTEM CONTROL NUMBER
System control number (Sirsi) u133562
041 0# - LANGUAGE CODE
Language code of text/sound track or separate title eng
110 2# - MAIN ENTRY--CORPORATE NAME
Corporate name or jurisdiction name as entry element Constructing Excellence in the Built Environment
9 (RLIN) 4925
245 04 - TITLE STATEMENT
Title The Housing Forum launches strategy to increase quantity, quality and affordability of housing
260 ## - PUBLICATION, DISTRIBUTION, ETC.
Date of publication, distribution, etc. 2006
490 #0 - SERIES STATEMENT
Series statement Constructing Excellence in the Built Environment News
Volume/sequential designation 12 May 2006
520 ## - SUMMARY, ETC.
Summary, etc. The Housing Forum has unveiled the framework for a customer driven strategy to improve the quantity, quality and affordability of housing in the UK. By emphasising integration and simplification in housing construction and development, it aims to place the needs and requirements of people and long term quality of life in sustainable communities first.
590 ## - LOCAL NOTE (RLIN)
Local note IKA230506
651 #4 - SUBJECT ADDED ENTRY--GEOGRAPHIC NAME
Geographic name United Kingdom
Chronological subdivision
690 ## - LOCAL SUBJECT ADDED ENTRY--TOPICAL TERM (OCLC, RLIN)
Topical term or geographic name as entry element PROPERTY-PROPERTY DEVELOPMENT-SUSTAINABLE PROPERTY DEVELOPMENT
856 41 - ELECTRONIC LOCATION AND ACCESS
Uniform Resource Identifier <a href="https://www.constructingexcellence.org.uk/news/article.jsp?id=7684">https://www.constructingexcellence.org.uk/news/article.jsp?id=7684</a>
Public note View the item free of charge at www.constructingexcellence.org.uk...
942 ## - ADDED ENTRY ELEMENTS (KOHA)
Suppress in OPAC 0
Holdings
Withdrawn status Lost status Source of classification or shelving scheme Damaged status Not for loan Home library Current library Shelving location Date acquired Total Checkouts Full call number Barcode Date last seen Copy number Price effective from Koha item type
    Dewey Decimal Classification     Virtual Virtual Online 18/05/2006   ONLINE PUBLICATION 133562-1001 06/08/2019 1 06/08/2019 Journal article